[Event "Kiev Spring op"]
[Site "Kiev"]
[Date "2021.07.16"]
[Round "8"]
[White "Oyberman, Mikhail"]
[Black "Khmelko, Kyrylo"]
[Result "1/2-1/2"]
[WhiteElo "1431"]
[BlackElo "1646"]
[PlyCount "55"]
[EventDate "2021.07.10"]
[EventType "swiss"]
[EventRounds "9"]
[EventCountry "UKR"]
[SourceTitle "EXT 2024"]
[Source "ChessBase"]
[SourceDate "2023.10.10"]
[SourceVersion "1"]
[SourceVersionDate "2023.10.10"]
[SourceQuality "1"]

1. e4 d5 2. exd5 Qxd5 3. d4 Nc6 4. Nf3 Bg4 5. Be2 0-0-0 6. Be3 e6 7. 0-0 Nf6 8. c3 h5 9. Nbd2 h4 10. Ne1 Bxe2 11. Qxe2 h3 12. Qf3 hxg2 13. Nxg2 Bd6 14. Bf4 Bxf4 15. Nxf4 Qf5 16. Ng2 Qc2 17. Nc4 Rxh2 18. Kxh2 Rh8+ 19. Kg1 Qh7 20. Nh4 Qxh4 21. Rfe1 Ng4 22. Kg2 Qg5 23. Qg3 Qd5+ 24. f3 Rh6 25. Kg1 Nh2 26. Kf2 Nxf3 27. Ne3 Qe4 28. Qg4 1/2-1/2

[Event "Kiev Spring op"]
[Site "Kiev"]
[Date "2021.07.11"]
[Round "2"]
[White "Khmelko, Kyrylo"]
[Black "Tkachuk, Liubomyr"]
[Result "1/2-1/2"]
[WhiteElo "1646"]
[BlackElo "1120"]
[PlyCount "59"]
[EventDate "2021.07.10"]
[EventType "swiss"]
[EventRounds "9"]
[EventCountry "UKR"]
[SourceTitle "EXT 2024"]
[Source "ChessBase"]
[SourceDate "2023.10.10"]
[SourceVersion "1"]
[SourceVersionDate "2023.10.10"]
[SourceQuality "1"]

1. e4 c5 2. Nc3 e5 3. Bc4 Nc6 4. Nge2 g6 5. d3 Bg7 6. 0-0 Nge7 7. f4 f5 8. Nd5 d6 9. Nec3 a6 10. a4 b6 11. Nxe7 Nxe7 12. fxe5 Bxe5 13. Bg5 h6 14. Bxe7 Qxe7 15. Nd5 Qd8 16. exf5 Bxf5 17. Rxf5 gxf5 18. Qh5+ Kd7 19. Qf7+ Kc8 20. Ne7+ Kc7 21. Ng6+ Qd7 22. Nxh8 Rxh8 23. Qxd7+ Kxd7 24. Bxa6 Bxb2 25. Rb1 Bd4+ 26. Kf1 Kc7 27. Re1 Be5 28. h3 Rg8 29. Re3 f4 30. Rf3 1/2-1/2